000 00458nam a2200169 i 4500
001 22020
003 ES-MaACL
005 20230906152606.0
007 t|
008 021129s1964 sp ||||1| spa d
100 1 _aAlfaro Huarte, José.
_919815
245 1 0 _aVersos... /
_cJosé Alfaro Huarte.
250 _a1ª ed.
260 _a[Puertollano :
_bs.n.,
_c1964] (
_fImp. La Económica)
300 _a86 p. ;
_c18 cm.
852 _aES-MaACL
_jC-26954
_bR.54936
999 _c22020
_d22020